Noms de départements cachés dans un poème - Statistiques

Statistiques générales
  • Ce quiz a été pris 1 370 fois
  • Le résultat moyen est 6 sur 11
Statistiques - réponses
Départements % Correct
Loiret
98%
Somme
73%
Ain
62%
Eure
56%
Cher
50%
Dordogne
49%
Creuse
48%
Gers
43%
Paris
33%
Manche
28%
Ardèche
25%
Aucun quiz correspondant
Distribution des résultats
% des personnes avec chaque résultat
Percentile par nombre de réponses
Votre historique - résultats
Vous n’avez pas pris ce quiz